Continuity and change (Record no. 765)

MARC details
000 - LÍDER
campo de control de longitud fija 00925nam a2200217Ia 4500
008 - ELEMENTOS DE DATOS DE LONGITUD FIJA - INFORMACIÓN GENERAL
campo de control de longitud fija 0000002003 us a 0000000000eng00
020 ## - INTERNATIONAL STANDARD BOOK NUMBER
International Standard Book Number 971979669
090 ## - NÚMERO DE LLAMADA DE TIPO LC LOCALMENTE ASIGNADO (OCLC)
Número de clasificación (OCLC) (R) PUS00 K13c
100 1# - ENTRADA PRINCIPAL - NOMBRE PERSONAL
Nombre de la persona Kahn, Wolf
Fechas asociadas a un nombre 1927
245 10 - TÍTULO DECLARACIÓN
Título Continuity and change
Resto del título : Wolf Kahn, paintings and works on paper 195866 200003
Declaración de responsabilidad / photography by Jordan Tinker
260 ## - PUBLICACIÓN, DISTRIBUCIÓN
Lugar de publicación New York : Ameringer Yohe Fine Art
Fecha de publicación 2003
300 ## - DESCRIPCIÓN FÍSICA
Alcance 32 p.
Dimensiones / 22 cm.
500 ## - NOTA GENERAL
Nota general Exposición realizada en Ameringer Yohe Fine Art, New York, Abril 24 Mayo 23, 2003 \ Pintor alemán de nacionalidad estadounidense \ Con el patronazgo del maestro venezolano Jesús Rafael Soto (q.e.p.d.)
600 00 - ENTRADA DE SUJETO AÑADIDO - NOMBRE PERSONAL
Nombre de la persona KAHN, WOLF, 1927/
Subdivisión general TRABAJOS PICTORICOS
650 14 - ENTRADA DE SUJETO AÑADIDO - TÉRMINO TÓPICO
Término tópico o elemento de entrada del nombre geográfico PINTURA ESTADOUNIDENSE
650 14 - ENTRADA DE SUJETO AÑADIDO - TÉRMINO TÓPICO
Término tópico o elemento de entrada del nombre geográfico ARTE CONTEMPORANEO ESTADOUNIDENSE
650 14 - ENTRADA DE SUJETO AÑADIDO - TÉRMINO TÓPICO
Subdivisión general CATALOGOS
650 14 - ENTRADA DE SUJETO AÑADIDO - TÉRMINO TÓPICO
Subdivisión general EXPOSICIONES
650 14 - ENTRADA DE SUJETO AÑADIDO - TÉRMINO TÓPICO
Término tópico o elemento de entrada del nombre geográfico PINTORES ESTADOUNIDENSES
700 1# - ENTRADA AGREGADA - NOMBRE PERSONAL
Nombre de la persona Tinker, Jordan
Holdings
Estado de retirada Pérdida de estatus Estado dañado No para préstamo Código de recogida Ubicación permanente Ubicación actual Ubicación de las estanterías Fecha de adquisición Número de llamada completo Código de barras Fecha de la última vez que se vio Número de copia Precio efectivo desde Tipo de artículo Koha
        General ArtNexus ArtNexus General 06/09/2022 P-US-00 K13C 765 06/09/2022 Ej.1 06/09/2022 Libro

Powered by Koha